| 000 | 01043nam a2200265 i 4500 | ||
|---|---|---|---|
| 001 | 181087 | ||
| 003 | ES-MaACL | ||
| 005 | 20231008161520.0 | ||
| 008 | 121016s2011 sp | |||||||| | spa d | ||
| 020 | _a978-84-92820-47-4 | ||
| 080 | _a930.1(460)"15/18" | ||
| 080 | _a94(460)"0711/1492":930 | ||
| 100 | 1 |
_aRíos Saloma, Martín F. _9151629 |
|
| 245 | 1 | 3 |
_aLa reconquista : _buna construcción historiográfica (siglos XVI-XIX) / _cMartín F. Ríos Saloma. |
| 260 |
_aMadrid : _bMarcial Pons Historia ; _aMéxico D.F. : _bUniversidad Nacional Autónoma de México, Instituto de Investigaciones Históricas, _c2011. |
||
| 300 |
_a351 p. ; _c23 cm. |
||
| 490 | 1 | _aCoediciones | |
| 504 | _aBibliografía: p. [335]-351. | ||
| 650 | 4 |
_aHistoriografía- _zEspaña- _vHistoria. _9151630 |
|
| 651 | 4 |
_aEspaña- _xHistoria- _y0711-1492, Reconquista- _vHistoriografía. _9151631 |
|
| 830 | 0 |
_aCoediciones _9191111 |
|
| 852 |
_aES-MaACL _jA-12304 _9187970 _bR.148317 _cDEPO1 _dOlim: N-12304 |
||
| 942 |
_2udc _cMONOGRAFIA |
||
| 999 |
_c181087 _d181087 |
||